Paul Sarpius Historie des Tridentinischen Concilii mit des D. Courayer Anmerkungen. 1. Theil /

Hlavní autor: Sarpi, Paolo, 1552-1623
Další autoři: Rambach, Friedrich Eberhard, 1708-1775, Le Courayer, Pierre-François, 1681-1776
Jazyk: Němčina
Vydáno: Halle : Gebauer- und Stettinsche Buchhandlung, 1761
Témata:
Fyzický popis: [176], 440, [32] s., [1] příl. ; 8°
Knihy
Uloženo v:
LEADER 01206nam a22003377a 4500
001 mzk03001204964
003 CZ BrMZK
005 20140923130157.0
007 ta
008 100407s1761 gw c fr|||||00| ||gerod
040 |a BOA001  |b cze  |c BOA001 
041 1 |a ger  |h fre 
072 7 |a 094  |x Staré tisky  |2 Konspekt  |9 12 
080 |a (0.068)094  |2 MRF 
100 1 |a Sarpi, Paolo,  |d 1552-1623  |7 jo2004214913  |4 aut 
245 1 0 |a Paul Sarpius Historie des Tridentinischen Concilii mit des D. Courayer Anmerkungen.  |n 1. Theil /  |c Herausgegeben von Friedrich Eberhard Rambach ... 
246 3 |a Historie des Tridentinischen Concilii 
260 |a Halle :  |b Gebauer- und Stettinsche Buchhandlung,  |c 1761 
300 |a [176], 440, [32] s., [1] příl. ;  |c 8° 
500 |a Výzdoba: Příloha 
655 7 |a staré tisky  |7 fd422076  |2 czenas 
700 1 |a Rambach, Friedrich Eberhard,  |d 1708-1775  |7 mzk2008453564  |4 aui 
700 1 |a Le Courayer, Pierre-François,  |d 1681-1776  |7 mzk2012707472  |4 aui 
903 |a RP 
910 |a BOE452  |b Mn 
978 |b Gebauer, Johann Justin  |a Halle  |c 1761 
978 |b Stettin, August Leberecht  |a Halle  |c 1761 
984 |a Halle  |b Německo 
985 |a 1751-1800 
990 |a BK 
991 |k minorite